Regions of Portugal - Statistics

General Stats
  • This quiz has been taken 1,546 times
  • The average score is 4 of 7
Answers on the Map
Answers color-coded by a green-red scale on the quiz's map according to % correct below.
 
Answer Stats
Region % Correct
Azores
81%
Madeira
81%
{Lisboa} Region
69%
Algarve
67%
{Norte} Region
51%
{Alentejo} Region
49%
{Centro} Region
46%
No matching quizzes found
Score Distribution
Percent of People with Each Score
Percentile by Number Answered
Your Score History
You have not taken this quiz